000 00727nam a2200289Ia 4500
005 20260324141609.0
008 008 260324s9999 xx 000 0 eng d
020 _a9780429312007
037 _aEBOOK
040 _aCRL
040 _beng
040 _cCRL
041 _2eng
041 _aeng
084 _qCRL
100 _aCharles Tripp; Wolfgang F. Danspeckgruber
_91208784
245 4 _aThe Iraqi Aggression Against Kuwait
245 0 _bStrategic Lessons And Implications For Europe
260 _bTaylor and Francis
260 _c1996
365 _a
365 _b230
856 _uhttp://www.taylorfrancis.com/books/9780429312007
942 _cEBOOK
999 _c1812055
_d1812055